000 00675nam a2200253Ia 4500
003 OSt
005 20220918202600.0
006 a|||||r|||| 00| 0
007 ta
008 220917b |||||||| |||| 00| 0 eng d
024 _a102,296
037 _cTextual
040 _aARTS
_cARTS
_beng
041 _2eng
_aeng
082 _aV23682.N3, M6
100 _aHutcinson J
_9104432
245 0 _aHistory of Kangra and Kulu states
260 _aNew Delhi
_bNorthern Book
_c1986
300 _a120p.
_ccm.
650 _aHISTORY
700 _a Vogel J P H
_9104433
942 _hV23682.N3, M6
_cTEXL
_2CC
999 _c225755
_d225755